| 000 | 00946nas a2200313 4500 | ||
|---|---|---|---|
| 001 | BR0302637 | ||
| 003 | BR-BrBNA | ||
| 005 | 20231205103814.0 | ||
| 007 | ta | ||
| 008 | 230509b bl.|||p| |||| 00| 00por d | ||
| 040 |
_aBR-BrBNA _bpor _cBiblioteca Nacional de Agricultura |
||
| 041 | _a(Pt) | ||
| 072 | _aL73 | ||
| 100 | 1 | _aLoretti, A.P. | |
| 100 | 1 | _aIlha, M.R.S. | |
| 100 | 1 | _aRiet-Correa, G. | |
| 100 | 1 | _aDriemeier, D. | |
| 100 | 1 | _aColodel, E.M. | |
| 100 | 1 | _aBarros, C.S.L. | |
| 245 | 1 | _aSindrome do abscesso pituitário em bezerros associada ao uso de tabuleta nasal para desmame interrompido | |
| 650 | _aBEZERRO | ||
| 650 | _aABSCESSO | ||
| 650 | _aDESMAMA PRECOCE | ||
| 650 | _aEPIDEMIOLOGIA | ||
| 650 | _aRIO GRANDE DO SUL | ||
| 773 | 0 |
_tPesquisa Veterinária Brasileira (Brazil) _xISSN 0100-736X _g(Jan-Mar 2003), v. 23(1) p. 39-46 _wBR0302637 |
|
| 909 |
_a202311 _bLúcia _c55 _dLúcia Elande |
||
| 942 |
_2AGRIS _n0 _cANA |
||
| 999 |
_c174821 _d174821 |
||